000 01147namaa2200241 i 4500
001 178923
003 ES-MaACL
005 20250620063021.0
008 110810s1894 fr | |||| ||fre d
080 _a929:502"18"
100 1 _aQuatrefages, Armand de,
_d1810-1892
_9131507
245 1 4 _aLes émules de Darwin /
_cpar A. de Quatrefages ; précédé d'une préface par Edmond Perrier ; et d'une notice sur la vie et les travaux de M. de Quatrefages par E.-T. Hamy.
260 _aParis :
_bAncienne Librairie Germer Beillière et Cª :
_bFélix Alcan,
_c1894.
300 _a2 v. ;
_c22 cm.
490 1 _aBibliothèque scientifique internationale ;
_v77-78
505 8 _aContiene: 1. Introduction. Alfred Russel Wallacce. M. Naudin. M.J. Romanes -- 2. M. Carl Vogt. Filippi. Haeckel. Huxley. Owen. Mivart. Gubler et Koelliker. D'Omalius d'Halloy. Erasme Darwin
650 4 _aNaturalistas-
_yS.XIX.
_9147557
700 0 _aPerrier, Edmond.
_991351
700 1 _aHamy, Ernest-Théodore.
_9143180
830 0 _aBibliothèque scientifique internationale ;
_v77-78
_9186949
852 _aES-MaACL
_jF-14406-07
999 _c178923
_d178923